Elements 1-45 - Statistics

General Stats
  • This quiz has been taken 4 times
  • The average score is 27 of 45
Answer Stats
Hint Answer % Correct
He Helium
100%
H Hydrogen
100%
Li Lithium
100%
Al Aluminum
75%
Ar Argon
75%
Be Beryllium
75%
B Boron
75%
Br Bromine
75%
Ca Calcium
75%
C Carbon
75%
Cl Chlorine
75%
Cu Copper
75%
F Fluorine
75%
Ge Germanium
75%
Fe Iron
75%
Mg Magnesium
75%
Mn Manganese
75%
Ne Neon
75%
Ni Nickel
75%
N Nitrogen
75%
O Oxygen
75%
P Phosphorus
75%
K Potassium
75%
Rb Rubidium
75%
Si Silicon
75%
Na Sodium
75%
S Sulfur
75%
Zn Zinc
75%
As Arsenic
50%
Co Cobalt
50%
Ga Gallium
50%
Kr Krypton
50%
Sc Scandium
50%
Ti Titanium
50%
V Vanadium
50%
Y Yttrium
50%
Zr Zirconium
50%
Cr Chromium
25%
Se Selenium
25%
Sr Strontium
25%
Tc Technetium
25%
Mo Molybdenum
0%
Nb Niobium
0%
Rh Rhodium
0%
Ru Ruthenium
0%
No matching quizzes found
Score Distribution
Percent of People with Each Score
Percentile by Number Answered
Your Score History
You have not taken this quiz